000
00304nam a2200109Ia 4500
008
171211s9999 xx 000 0 und d
245
_a
Microsoft PowerPoint 2010: Comprehensive
245
_c
Gary B. Shelly
260
_c
2011
650
_x
SOFTWARE
856
_u
http://down.ebook777.com/063/143907903X.pdf
999
_c
349322
_d
349322